Normal view
MARC view
- Guide Name:Nawale Rahul
Entry Personal Name
001 - CONTROL NUMBER
- control field: 210326
003 - CONTROL NUMBER IDENTIFIER
- control field: OSt
005 - DATE AND TIME OF LATEST TRANSACTION
- control field: 20250110171526.0
008 - FIXED-LENGTH DATA ELEMENTS
- fixed length control field: 250110|| aca||aabn | a|a d
040 ## - CATALOGING SOURCE
- Original cataloging agency: OSt
- Transcribing agency: OSt
100 ## - HEADING--PERSONAL NAME
- Personal name: Guide Name:Nawale Rahul
670 ## - SOURCE DATA FOUND
- Source citation: Work cat.: (OSt)363518: Anekar Mrunalini 182651, Dynamics Of Chnage In Medium Cities With Respect To Built Form, 2014